Регионална библиотека "Любен Каравелов" - Русе

Срещи и разговори с Йордан Йовков (Запис номер 207462)

MARC детайли
000 -Лидер
Контролно поле с фиксирана дължина 01318nam a2200325 a 4500
003 - Код на организацията, давaща контролен номер
Контролно поле BLK
005 - Дата и час на последна редакция
Контролно поле 20241025005440.0
008 - Елементи от данни с фиксирана дължина
fixed length control field 180411b bul|||||r ||||||| ||bul||
010 ## - Наследен системен номер
LC control number KNG00217224000
040 ## - Източник на каталожния запис
Идентификатор на билиотеката - собственик на записа BLK
041 ## - Код за език
Код за езика на текст/звукозапис или на отделно заглавие Български
Код за езика КДБФ Български
080 ## - УДК
Текстов определител УДК Българска литература
УДК код - определител по УДК 821.163.2
УДК определител -3
УДК - код + определител 821.163.2-3
080 ## - УДК
Текстов определител УДК Български писател
УДК код - определител по УДК 929 Йовков, Йордан Стефанов
УДК определител (092)
УДК - код + определител 929 Йовков, Йордан Стефанов(092)
100 1# - Редна дума - Автор
Автор Казанджиев, Спиридон
Авторска отговорност първи автор
R(LIN) 351122
139 ## - Редно поле
Редна дума Казанджиев, Спиридон
Авторски знак Кад - К 13
245 10 - Сведения за заглавието
Заглавие Срещи и разговори с Йордан Йовков
Редно поле (дума) Спиридон Казанджиев
257 ## - Страна на издаване
Страна на създаване/издаване България
260 ## - Област на издателските данни
Място на издаване, разпространение и проч. София
Име на издателя, разпространителя и проч. Наука и изкуство
Година на издаване 1960
300 ## - Физическа характеристика
Страници 100 с.
Размери/Мащаб 20 см
380 ## - Жанр
Жанр Худож. лит.
600 #0 - Име на лице, използвано като предмет
За него / За нея Йовков, Йордан Стефанов
Свързани дати 1880-1937
Друга информация Писател класик - белетрист, драматург, майстор на късия разказ
9 (RLIN) 363298
653 ## - Ключова дума – ненормативна
Ключова дума Йордан Йовков
852 ## - Местоположение
Форматна сигнатура Цб 17515
Фондова буква Хранилище
856 4# - Електронен адрес и достъп
Електронен формат pdf - файл
856 4# - Електронен адрес и достъп
Електронен формат pdf - файл
999 ## - СИСТЕМНИ КОНТРОЛНИ НОМЕРА
Koha biblionumber 207462
Koha biblioitemnumber 207462
942 ## - АРТИКУЛИ
Вид на библиотечния материал Книги
Скрит в OPAC Не
Периодичен библиозапис Да
944 ## - СЪЗДАВАНЕ И РЕДАКЦИЯ на ЗАПИСА
Създаване/Редакция Създаване
Дата на регистрацията/редакция 13.03.2018
Служител, извършил регистрацията/редакцията
Статус, дата на статуса CRON CRON
944 ## - СЪЗДАВАНЕ И РЕДАКЦИЯ на ЗАПИСА
Създаване/Редакция Редакция
Дата на регистрацията/редакция 2021-12-09
Служител, извършил регистрацията/редакцията К.Д.
999 ## - СИСТЕМНИ КОНТРОЛНИ НОМЕРА
Koha biblioitemnumber 207462
Наличности
Код за отписване Код за изгубен артикул Източник на класификационната схема Код за повреда Коз за рестрикции Код за отдаване Артикулен № Име на библиотеката - собственик Име на библиотеката, в която се намира в момента Статус (Текущо местоположение) Дата на вписване в системата Местоположение - отдел Цена в лева Инвентарен номер Систематично азбучна сигнатура Баркод Номер на екземпляра Цена в евро Служебна бележка Служебен тип на артикула
  Не е изгубен Universal Decimal Classification Не е повреден без рестрикции ползва се в читалня 358146 Регионална библиотека "Любен Каравелов" Русе Регионална библиотека "Любен Каравелов" Русе Хранилище 1960-01-01 Хранилище 0.26 11216/60 Цб 17515 900000085592 1 0.13 Дост: Dp Вид: Д N: сф Дата: 01.01.1960 Книги
Изтеглен Не е изгубен Universal Decimal Classification Не е повреден без рестрикции заемане за дома 358147 Регионална библиотека "Любен Каравелов" Русе Регионална библиотека "Любен Каравелов" Русе Заемна - подръчен фонд 1960-01-01 Заемна - подръчен фонд 0.25 10629/60 П 8Б/К 13 10629/60 2 0.13 Дост: Pk Вид: Ф N: сф Дата: 01.01.1960 Дата инв: 14.03.2018 Бележки инв: П2018 Книги
Изтеглен Не е изгубен Universal Decimal Classification Не е повреден без рестрикции заемане за дома 358148 Регионална библиотека "Любен Каравелов" Русе Регионална библиотека "Любен Каравелов" Русе Заемна - подръчен фонд 1960-01-01 Заемна - подръчен фонд 0.00 10631/60 П 8Б/К 13 10631/60 3 0.00 Дост: Pk Вид: Ф N: сф Дата: 01.01.1960 Книги
Vip Innovations Ltd, Rousse, Bulgaria 2025